00792nam a2200205 a 450000100100000000500170001000800410002702000150006804000250008308200150010810000500012324500690017326000790024230000200032149000300034170000460037183000390041795201130045699900170056900004401320201002045107.0140513s1992 sp a 000 0 spa d a8479693045 aDO-SdBNPbspacBNPHU axxxxbxxxx1 aTennyson, Alfred Tennyson,d1809-1892.971986 0aEnoch Arden /cAlfred Tennyson ; traducción, Vicente de Arana. a[Madrid] :bCompañía Europea de Comunicación e Información,c1992. a94 p. ;c19 cm.1 aBiblioteca de El solv27012aArana, Vicente ded1848-1890.etr.971987 0aBiblioteca de El sol ;n270971988 001050718MOaGRbGRcCTd2014-05-13iLF1l0oxxxx xxxxp44013-10r2020-06-25w2020-06-25y1ZNo se presta c43502d43502